000 00425nam a2200169Ia 4500
100 _aMather/Tim/ Kumaraswamy/Subra
650 _aCloud security
942 _cBK
366 _f20
654 _acloud security
245 _aCloud security and Privacy:An enterprise perspective on Risks and compliance
260 _bOreilly
_c2009
082 _a4.65
_bMAT
300 _a312
546 _aENGLISH
_cPAMPHALETS
999 _c18979
_d18979